| 000 | 00000nam 2200000za 4500 |
| 001 | 9.845232 |
| 003 | CaOODSP |
| 005 | 20250403105959 |
| 007 | cr ||||||||||| |
| 008 | 171006s2017 oncadb #os f000 0 fre d |
| 020 | |a978-0-660-23537-0 |
| 040 | |aCaOODSP|bfre |
| 043 | |an-cn--- |
| 086 | 1 |aCS11-627/2017-28F-PDF |
| 245 | 00|aPopulation des immigrants au Canada, recensement de 2016 |h[ressource électronique]. |
| 260 | |a[Ottawa] : |bStatistique Canada, |c[2017] |
| 300 | |a[1] p. : |bill., graphiques, cartes |
| 500 | |aTitre de départ. |
| 500 | |aPubl. aussi en anglais sous le titre : Immigrant population in Canada, 2016 census. |
| 520 | |a« Selon le Recensement de 2016, 7,5 millions de personnes nées à l’étranger sont venues au Canada par l’entremise du processus d’immigration, soit plus de 1 personne sur 5 vivant au Canada » -- p. [1]. |
| 692 | 07|2gccst|aDonnées du recensement |
| 692 | 07|2gccst|aStatistiques |
| 692 | 07|2gccst|aImmigrant |
| 710 | 2 |aStatistique Canada. |
| 775 | 08|tImmigrant population in Canada, 2016 census |w(CaOODSP)9.845230 |
| 856 | 40|qPDF|s937 Ko|uhttps://publications.gc.ca/collections/collection_2018/statcan/11-627-m/11-627-m2017028-fra.pdf |
| 986 | |a11-627-M |